Beste Bundesliga Torschützen RB Leipzig - Statistiken

Allgemein
  • Dieses Quiz wurde 1.179 mal gespielt
    20 seit der letzten Aktualisierung
  • Das Durchschnittsergebnis liegt bei 9 aus 10
Antwortstatistiken
Saison Nationalität Tore Spieler % Korrekt
2016/17 Deutschland 21 Timo Werner
95%
2017/18 Deutschland 13 Timo Werner
95%
2018/19 Deutschland 16 Timo Werner
95%
2019/20 Deutschland 28 Timo Werner
95%
2024/25 Slowenien 13 Benjamin Šeško
89%
2025/26 Österreich 13 Christoph Baumgartner
89%
2023/24 Belgien 24 Loïs Openda
89%
2020/21 Österreich 8 Marcel Sabitzer
79%
2021/22 Frankreich 20 Christopher Nkunku
74%
2022/23 Frankreich 16 Christopher Nkunku
74%
Keine übereinstimmenden Quizze gefunden
Verteilung der Resultate
Anzahl Personen mit jedem Resultat
Perzentil nach korrekt beantworteten Fragen
Ihre Resultats-Entwicklung
Sie haben dieses Quiz seit der letzten Aktualisierung nicht gespielt